00523nam a2200181Ia 4500003000900000008004100009020001800050040001600068080001500084100001600099245010800115260004800223300001600271650001400287650001000301650001100311700001900322IN-BaIIA211028s9999 xx 000 0 eng d a0-521-46836-1 cIIA Library a535.6bLYN aLynch, D. K 0aColor and light in naturecD. K Lynch and W. Livingston  aCambridgebCambridge University pressc1995 axiii, 254p. aAstronomy aLight aOptics aLivingston, W.